000 00306nam a22001337a 4500
008 170824b xxu||||| |||| 00| 0 eng d
020 _a9780321166395
041 _aeng
080 _28TH
_a51
100 _a38
101 _aMAT
245 _aCALCULUS AND ITS APPLICATIONS
_cBITTINGER,M.L
942 _2udc
_cBK
999 _c24923
_d24923